Filosofía de las ciencias humanas y sociales (Record no. 8781)

MARC details
000 -LEADER
campo de control de longitud fija 00897nam a2200277 i 4500
001 - NÚMERO DE CONTROL
campo de control 8781
003 - IDENTIFICADOR DE NÚMERO DE CONTROL
campo de control ES-MaACL
005 - FECHA Y HORA DE LA ÚLTIMA TRANSACCIÓN
campo de control 20250819051802.0
007 - CAMPO FIJO DE DESCRIPCIÓN FÍSICA--INFORMACIÓN GENERAL
campo de control de longitud fija t|
008 - DATOS DE LONGITUD FIJA--INFORMACIÓN GENERAL
campo de control de longitud fija 920929s1991 sp ||||1| spa d
020 ## - NÚMERO INTERNACIONAL ESTÁNDAR DEL LIBRO
Número Internacional Estándar del Libro 84-7658-314-1
080 ## - NÚMERO DE LA CLASIFICACIÓN DECIMAL UNIVERSAL
Número de la Clasificación Decimal Universal 3:1
080 ## - NÚMERO DE LA CLASIFICACIÓN DECIMAL UNIVERSAL
Número de la Clasificación Decimal Universal 1:3
100 1# - ENTRADA PRINCIPAL--NOMBRE DE PERSONA
Nombre de persona Mardones, José María.
9 (RLIN) 76567
245 10 - MENCIÓN DEL TÍTULO
Título Filosofía de las ciencias humanas y sociales
Resto del título : materiales para una fundamentación científica /
Mención de responsabilidad, etc. J.M. Mardones.
250 ## - MENCION DE EDICION
Mención de edición [1ª ed.].
260 ## - PUBLICACIÓN, DISTRIBUCIÓN, ETC.
Lugar de publicación, distribución, etc. Barcelona :
Nombre del editor, distribuidor, etc. Anthropos,
Fecha de publicación, distribución, etc. 1991.
300 ## - DESCRIPCIÓN FÍSICA
Extensión 415 p. ;
Dimensiones 20 cm.
490 1# - MENCIÓN DE SERIE
Mención de serie Autores, textos y temas. Ciencias sociales ;
Designación de volumen o secuencia 1
500 ## - NOTA GENERAL
Nota general Glosario de términos.
504 ## - NOTA DE BIBLIOGRAFÍA, ETC.
Nota de bibliografía, etc. Bibliogr.: p. 407-412.
650 14 - PUNTO DE ACCESO ADICIONAL DE MATERIA--TÉRMINO DE MATERIA
Término de materia o nombre geográfico como elemento de entrada Ciencias sociales-
Subdivisión general Filosofía
9 (RLIN) 10993
830 0# - PUNTO DE ACCESO ADICIONAL DE SERIE-TÍTULO UNIFORME
Título uniforme Autores, textos y temas. Ciencias sociales ;
Designación de volumen o secuencia 1
9 (RLIN) 178372
852 ## - LOCALIZACIÓN
Ubicación ES-MaACL
Número de control de estantería L-16207
Sublocalización o colección R.120060
Holdings
Estatus retirado Estado de pérdida Estado de daño No para préstamo Biblioteca de origen Biblioteca actual Ubicación en estantería Fecha de adquisición Fuente de adquisición Total de préstamos Signatura topográfica completa Código de barras Visto por última vez Precio de reemplazo Tipo de ítem Koha
        Biblioteca del Ateneo de Madrid Biblioteca del Ateneo de Madrid Depósito 2 17/01/2008     L-16207 1008967 23/02/2023 23/02/2023 Libro impreso